Word Ladder: Hide and Seek Quiz Stats

 Plays Quiz Updated Jul 24, 2012

     
Support Sporcle.
Go Orange.
Score 0/31 Timer 03:00
0 Plays Today
% Correct
SONG
94.7%
WINE
94.6%
SONY
94.2%
LONE
93.1%
LINE
92.4%
TIDE
91.8%
HIDE
91.4%
CORK
91%
LONG
90.9%
CORE
90.8%
TIDY
90.4%
TONY
90.3%
TINY
89.5%
DOOR
88.3%
PORK
87.6%
MOON
84.2%
% Correct
MORN
84.1%
MORE
82.4%
WISE
81.1%
DISC (Answer Pt 1)
80.8%
DISH
80.1%
WISH
79.4%
MOOR
79.2%
DOER
76.6%
SEEK
74.4%
PEEK
74.2%
DYER
71.9%
PERK
71.8%
OVER (Answer Pt 2)
63.4%
OYER
48.4%
DISCOVER
36.4%

Today's Daily Dose

Word Ladder
Drink to Me

Get the Picture
Big 4 'R' All-Stars

From the Vault

Multi-Category Minefield Blitz: Judaism

by Thebiguglyalien

Religion 60s
This quiz is quite a Torah-de-force.
Remove Ads.
Support Sporcle.
Get the best of Sporcle when you Go Orange. This ad-free experience offers more features, more stats, and more fun while also helping to support Sporcle. Thank you for becoming a member.

Show Comments

Extras

Top Quizzes Today


Score Distribution

Your Account Isn't Verified!

In order to create a playlist on Sporcle, you need to verify the email address you used during registration. Go to your Sporcle Settings to finish the process.

Report this User

Report this user for behavior that violates our Community Guidelines.

Details: